书目信息 |
| 书名: | Operations management | |
| 作者: | Krajewski, Ritzman. | |
| 分册号: | ||
| 分册名: | 出版地: | Reading : |
|
| 出版社: | Addison-wesley pub.co | |
| 出版时间: | 1993. | |
| 页数: | 904 p. ; | |
| 开本: | 26cm. | |
| 丛书名: | ||
| 中图分类号: | ||
| 科图分类号: | ||
| 其他分类号: | F27 | |
| 主题词: | ||
| 电子资源: | ||
| 000 | 00447nam 2200157 a 4500 | |
| 001 | E0257759282 | |
| 005 | 2002032016023928 | |
| 008 | 020320s1993 00010 eng | |
| 020 | @a7-02-015663-0 :@cRMB 12.00. | |
| 040 | @aPFT@beng | |
| 090 | @aF27 | |
| 099 | @dF27@eK89 | |
| 245 | @aOperations management :@bstrategy and analysis / @cKrajewski, Ritzman. | |
| 250 | @a3rd ed. | |
| 260 | @aReading :@bAddison-wesley pub.co.,@c1993. | |
| 300 | @a904 p. ;@c26cm. | |
| Operations management : : strategy and analysis / / Krajewski, Ritzman.-3rd ed.-Reading : : Addison-wesley pub.co., , 1993. |
| 904 p. ; ; 26cm. |
| ISBN 7-02-015663-0 :RMB 12.00. |
| ● |
| 相关链接 |
|
|
|
正题名:Operations management
索取号:F27/K89
 
预约/预借
| 序号 | 登录号 | 条形码 | 馆藏地/架位号 | 状态 | 备注 |
| 1 | 02252 | 300022525 | 社科库409/400A自科库 15排1列3层/ [索取号:F27/K89] | 在馆 |